<?xml version="1.0" encoding="UTF-8"?>
<record
    xmlns:xsi="http://www.w3.org/2001/XMLSchema-instance"
    xsi:schemaLocation="http://www.loc.gov/MARC21/slim http://www.loc.gov/standards/marcxml/schema/MARC21slim.xsd"
    xmlns="http://www.loc.gov/MARC21/slim">

  <leader>00791nam a2200193 a 4500</leader>
  <controlfield tag="001">000034061</controlfield>
  <controlfield tag="005">20200930070736.0</controlfield>
  <controlfield tag="008">110923s1985    it            001 0 spa d</controlfield>
  <datafield tag="040" ind1=" " ind2=" ">
    <subfield code="a">DO-SdBNP</subfield>
    <subfield code="b">spa</subfield>
    <subfield code="c">BNPHU</subfield>
  </datafield>
  <datafield tag="082" ind1=" " ind2=" ">
    <subfield code="a">255.102</subfield>
    <subfield code="b">C758e</subfield>
  </datafield>
  <datafield tag="245" ind1="0" ind2="0">
    <subfield code="a">Constituciones y estatutos de los Misioneros del Sagrado Coraz&#xF3;n de Jes&#xFA;s.</subfield>
  </datafield>
  <datafield tag="260" ind1=" " ind2=" ">
    <subfield code="a">Roma, Italia :</subfield>
    <subfield code="b">Casa General,</subfield>
    <subfield code="c">1985.</subfield>
  </datafield>
  <datafield tag="300" ind1=" " ind2=" ">
    <subfield code="a">150 p. ;</subfield>
    <subfield code="c">19 cm.</subfield>
  </datafield>
  <datafield tag="505" ind1="0" ind2=" ">
    <subfield code="t">Esp&#xED;ritu, vida y misi&#xF3;n --</subfield>
    <subfield code="t">Miembros --</subfield>
    <subfield code="t">Organizaci&#xF3;n --</subfield>
    <subfield code="t">Ausencia y salida --</subfield>
    <subfield code="t">Observancia de las constituciones --</subfield>
    <subfield code="g">Textos del fundador.</subfield>
  </datafield>
  <datafield tag="610" ind1="1" ind2="4">
    <subfield code="a">MISIONEROS DEL SAGRADO CORAZ&#xD3;N DE JES&#xDA;S</subfield>
    <subfield code="x">REGLAS</subfield>
    <subfield code="9">59496</subfield>
  </datafield>
  <datafield tag="650" ind1=" " ind2="4">
    <subfield code="a">&#xD3;rdenes religiosas de hombres</subfield>
    <subfield code="x">Estatutos, reglamentos, etc.</subfield>
    <subfield code="9">59497</subfield>
  </datafield>
  <datafield tag="910" ind1=" " ind2=" ">
    <subfield code="a">Validado. Control de calidad EMS</subfield>
  </datafield>
  <datafield tag="049" ind1=" " ind2=" ">
    <subfield code="a">BNPD</subfield>
  </datafield>
  <datafield tag="952" ind1=" " ind2=" ">
    <subfield code="0">0</subfield>
    <subfield code="1">0</subfield>
    <subfield code="5">0</subfield>
    <subfield code="7">1</subfield>
    <subfield code="8">MO</subfield>
    <subfield code="a">GR</subfield>
    <subfield code="b">GR</subfield>
    <subfield code="c">HD</subfield>
    <subfield code="d">2011-09-23</subfield>
    <subfield code="i">LF1</subfield>
    <subfield code="l">0</subfield>
    <subfield code="o">255.102 C758e</subfield>
    <subfield code="p">34061-10</subfield>
    <subfield code="r">2020-06-25</subfield>
    <subfield code="w">2020-06-25</subfield>
    <subfield code="y">1</subfield>
    <subfield code="Z">No se presta</subfield>
  </datafield>
  <datafield tag="999" ind1=" " ind2=" ">
    <subfield code="c">33552</subfield>
    <subfield code="d">33552</subfield>
  </datafield>
</record>
